Čo má vedieť filatelista

Podrobná bibliografia
Hlavní autori: Plško, Štefan (Autor), Barvulský, Jozef (Autor), Krampl, Bohdan (Autor)
Médium: Kniha
Jazyk:slovenčina
PhysicalDescription:139 s. ilustr. 21 cm
Vydavateľské údaje: Bratislava Zväz slovenských filatelistov 1987
Vydanie:[1. vyd.]
Edícia:Filatelistické state
Predmet:

MARC

LEADER 00000cam a2200000 a 4500
001 vtls009534620
003 SK-MaSNL
005 20260301082318.0
008 240313s1987 xo a f 000 0 slo
020 |q (brož.) 
035 |a TNKK004144 
035 |a urn:nbn:sk:snk-amkp17 
035 |a urn:nbn:sk:snk-am003x8j 
035 |a 97ACE225-C878-48E3-9877-0A69AFAE0A98 
040 |a SNK  |b slo  |c SNK  |e AACR2 
041 0 |a slo 
044 |a xo  |c SK 
072 7 |a 656.8  |x Poštové služby a správa  |2 konspekt 
080 |a 656.835.91  |2 2001 
080 |a (035)  |2 2001 
100 1 |a Plško, Štefan  |4 aut  |9 407019 
245 1 0 |a Čo má vedieť filatelista  |c Š. Plško, J. Barvulský, B. Krampl 
250 |a [1. vyd.] 
260 |a Bratislava  |b Zväz slovenských filatelistov  |c 1987 
300 |a 139 s.  |b ilustr.  |c 21 cm 
490 1 |a Filatelistické state  |v 14 
650 0 7 |a filatelia  |2 SNKPH  |9 13203 
655 7 |a príručky  |2 SNKPH  |9 74364 
700 1 |a Barvulský, Jozef  |4 aut  |9 407020 
700 1 |a Krampl, Bohdan  |4 aut  |9 407021 
830 0 |a Filatelistické state  |9 354542 
954 |a odborná, vedecká literatúra pôvodná (slovenská)  |2 lita 
958 |a OND 
999 |c 658213  |d 660143 
952 |a SNK  |b SNK  |y PREZ  |7 0  |p 17A1090964  |o snkSC 158817  |i snk2014/7813  |8 1  |0 0  |1 0  |4 0  |d 2014-03-25  |f 1  |l 0  |r 2025-08-21 00:00:00  |w 2026-02-23